00266nam a2200121Ia 4500008004100000100000900041245002700050260002500077300000800102650001000110942000700120999001700127190216s9999||||xx |||||||||||||| ||und|| aNull 0aHindi-Sampasas Maganan bPragathi Prakashan a167 aHindi cBK c15660d15660